00418nam a2200121 a 4500020001500000040000800015082002700023100001900050245002100069260004900090300004100139520011600180 a0883437112 cDLC00a973 MCD 1983 A101 Or. 1 aMay, Ernest R.12aA proud nation / aEvanston, Ill. :bMcDougal, Littell,cc1983. a768 p. :bill. (some col.) ;c24 cm. aA textbook tracing the history of the United States from the arrival of the first explorers to the present day.